Nghiên cứu định tính và nghiên cứu định lượng trong xã hội học tộc người /

Αποθηκεύτηκε σε:
Λεπτομέρειες βιβλιογραφικής εγγραφής
Κύριος συγγραφέας: Trần Văn Hà.
Μορφή: Άρθρο
Γλώσσα:Vietnamese
Θέματα:
Ετικέτες: Προσθήκη ετικέτας
Δεν υπάρχουν, Καταχωρήστε ετικέτα πρώτοι!
Thư viện lưu trữ: Thư viện Trường Đại học Đà Lạt
LEADER 00846nam a2200277 4500
001 DLU090066470
005 ##20090410
040 # # |a DLU  |b vie 
041 # # |a vie 
044 # # |a vn 
100 # # |a Trần Văn Hà. 
245 # # |a Nghiên cứu định tính và nghiên cứu định lượng trong xã hội học tộc người /  |c Trần Văn Hà. 
653 # # |a Dân tộc học 
653 # # |a Nghiên cứu định lượng 
653 # # |a Nghiên cứu định tính 
653 # # |a Xã hội học 
773 # # |t Dân tộc học  |g Số 1(115), 2002, tr. 23-30 
920 # # |a Phòng Tạp chí -- Trung tâm Thông tin - Thư viện Trường Đại học Đà Lạt 
994 # # |a DLU 
900 # # |a True 
911 # # |a Đào Thị Thu Huyền 
925 # # |a G 
926 # # |a A 
927 # # |a BB 
980 # # |a Thư viện Trường Đại học Đà Lạt